| 000 | 00690cam a2200205 4500 | ||
|---|---|---|---|
| 001 | WB3716-10 | ||
| 008 | 000000n2001 000 0 eng u | ||
| 035 | _a(Sirsi) u112192 | ||
| 245 | _aAsbestosRegister.com | ||
| 260 | _c2001 | ||
| 490 |
_aContract Journal _v408(6324) 25 April 2001, 3(1) |
||
| 520 | _aAsbestosRegister.com accuses RICS of failing to raise awareness of the dangers of asbestos, claiming only 500 RICS members have asbestos inspection skills. | ||
| 590 | _aWB | ||
| 650 | _aASBESTOS REGISTER | ||
| 650 | _aRICS | ||
| 650 | _aSURVEYORS | ||
| 650 | _aMANAGEMENT-HEALTH AND SAFETY-HAZARDOUS SUBSTANCES-ASBESTOS | ||
| 690 |
_aHEALTH AND SAFETY _96244 |
||
| 942 | _n0 | ||
| 999 |
_c66818 _d66818 |
||